[Event "25th Abu Dhabi Master 2018"]
[Site "Abu Dhabi"]
[Date "2018.08.11"]
[Round "5"]
[White "Aryan Chopra"]
[Black "Omar, Noaman"]
[Result "1-0"]
[WhiteElo "2536"]
[BlackElo "2353"]
[Annotator "TA"]
[PlyCount "87"]
[EventDate "2018.08.05"]
[EventType "swiss"]
[EventCountry "UAE"]
[SourceTitle "playchess.com"]
[Source "ChessBase"]
[SourceQuality "1"]

1. e4 c6 2. d4 d5 3. e5 Bf5 4. h4 c5 5. dxc5 Nc6 6. Bb5 Qc7 7. Qxd5 e6 8. Qd4 Rd8 9. Qc3 a6 10. Ba4 Rd5 11. Nf3 Nf6 12. Ng1 Ng8 13. Be3 Rxe5 14. Nf3 Rd5 15. Nbd2 Nf6 16. O-O-O Be7 17. Nc4 O-O 18. Nb6 Rxd1+ 19. Rxd1 Ne4 20. Qa3 Nb8 21. b4 a5 22. c3 Bf6 23. Nd4 Bxh4 24. Nxf5 Bxf2 25. Bxf2 Nxf2 26. Nd6 Nxd1 27. Bxd1 Nc6 28. Bf3 Ne5 29. Bxb7 Qe7 30. bxa5 Qg5+ 31. Kc2 Qg3 32. Kb3 Qe1 33. a6 Nd3 34. a7 Qb1+ 35. Ka4 Qc2+ 36. Kb5 Qb1+ 37. Kc6 Ne5+ 38. Kc7 g6 39. Nbc8 Qe1 40. a8=Q Qh4 41. Kb6 Qd8+ 42. Kb5 Kg7 43. Q8a5 Qg5 44. c4 1-0

[Event "25th Abu Dhabi Master 2018"]
[Site "Abu Dhabi"]
[Date "2018.08.11"]
[Round "5"]
[White "Aryan Chopra"]
[Black "Omar, Noaman"]
[Result "*"]
[WhiteElo "2536"]
[BlackElo "2353"]
[Annotator "ChessBase"]
[PlyCount "21"]
[EventDate "2018.08.05"]
[EventType "swiss"]
[EventCountry "UAE"]
[SourceTitle "playchess.com"]
[Source "ChessBase"]
[SourceQuality "1"]

1. e4 c6 2. d4 d5 3. e5 Bf5 4. h4 c5 5. dxc5 Nc6 6. Bb5 Qc7 7. Qxd5 e6 8. Qd4 Rd8 9. Qc3 a6 10. Ba4 Rd5 11. Qa3 *

[Event "25th Abu Dhabi Master 2018"]
[Site "Abu Dhabi"]
[Date "2018.08.11"]
[Round "5"]
[White "Lalith Babu M R"]
[Black "Siva Mahadevan"]
[Result "1/2-1/2"]
[WhiteElo "2520"]
[BlackElo "2331"]
[Annotator "ChessBase"]
[PlyCount "73"]
[EventDate "2018.08.05"]
[EventType "swiss"]
[EventCountry "UAE"]
[SourceTitle "playchess.com"]
[Source "ChessBase"]
[SourceQuality "1"]

1. c4 Nf6 2. g3 g6 3. Bg2 Bg7 4. Nc3 O-O 5. e4 c5 6. Nge2 Nc6 7. O-O Ne8 8. Rb1 Nc7 9. a3 a5 10. d3 d6 11. Be3 Ne6 12. Nd5 Ned4 13. Nxd4 cxd4 14. Bd2 e6 15. Nf4 Bd7 16. b4 axb4 17. axb4 b5 18. Qb3 Ne5 19. c5 dxc5 20. bxc5 Qc7 21. Ne2 Ra4 22. f4 Nc6 23. e5 Qa7 24. Rfc1 Rb8 25. Qc2 Bf8 26. Rb2 b4 27. Bxc6 Bxc6 28. Nxd4 Bd5 29. Be3 b3 30. Qc3 Ra2 31. Ne2 Qa6 32. Rcb1 Rxb2 33. Rxb2 Qa1+ 34. Qc1 Qa6 35. Qc3 Qa1+ 36. Qc1 Qa6 37. Qc3 1/2-1/2

[Event "25th Abu Dhabi Master 2018"]
[Site "Abu Dhabi"]
[Date "2018.08.11"]
[Round "5"]
[White "Erigaisi, Arjun"]
[Black "Petrosian, Tigran L."]
[Result "1/2-1/2"]
[WhiteElo "2517"]
[BlackElo "2610"]
[Annotator "TA"]
[PlyCount "30"]
[EventDate "2018.08.05"]
[EventType "swiss"]
[EventCountry "UAE"]
[SourceTitle "playchess.com"]
[Source "ChessBase"]
[SourceQuality "1"]

1. Nf3 g6 2. d4 Bg7 3. e4 d6 4. Bd3 Nf6 5. O-O O-O 6. Qe2 Nc6 7. e5 dxe5 8. dxe5 Ng4 9. Rd1 Nd4 10. Nxd4 Qxd4 11. h3 Nxe5 12. Bxg6 Qc4 13. Bh5 Qxe2 14. Bxe2 Bf5 15. Na3 Rfd8 1/2-1/2

[Event "25th Abu Dhabi Master 2018"]
[Site "Abu Dhabi"]
[Date "2018.08.11"]
[Round "5"]
[White "Vishnu, Prasanna V"]
[Black "Krishnater, Kushager"]
[Result "1-0"]
[WhiteElo "2517"]
[BlackElo "2256"]
[Annotator "TA"]
[PlyCount "67"]
[EventDate "2018.08.05"]
[EventType "swiss"]
[EventCountry "UAE"]
[SourceTitle "playchess.com"]
[Source "ChessBase"]
[SourceQuality "1"]

1. c4 Nf6 2. Nc3 g6 3. g3 Bg7 4. Bg2 O-O 5. e4 d6 6. Nge2 c5 7. O-O Nc6 8. a3 Rb8 9. d3 a6 10. Rb1 b5 11. cxb5 axb5 12. b4 cxb4 13. axb4 Bd7 14. h3 e5 15. Kh2 Nh5 16. Be3 f5 17. exf5 gxf5 18. f4 Nd4 19. Nd5 Qe8 20. Nxd4 exd4 21. Bf2 Qf7 22. Re1 Rfe8 23. Rxe8+ Bxe8 24. Rc1 Nf6 25. Rc7 Nxd5 26. Rxf7 Bxf7 27. Qa1 Ne3 28. Qa7 Rc8 29. Bc6 Bf6 30. Qb7 Be6 31. Qxb5 Bd7 32. Bxd7 Rc2 33. Kg1 Rc1+ 34. Be1 1-0

[Event "25th Abu Dhabi Master 2018"]
[Site "Abu Dhabi"]
[Date "2018.08.11"]
[Round "5"]
[White "Sindarov, Javokhir"]
[Black "Andersen, Mads"]
[Result "1/2-1/2"]
[WhiteElo "2488"]
[BlackElo "2601"]
[Annotator "RC"]
[PlyCount "29"]
[EventDate "2018.08.05"]
[EventType "swiss"]
[EventCountry "UAE"]
[SourceTitle "playchess.com"]
[Source "ChessBase"]
[SourceQuality "1"]

1. e4 c5 2. Nc3 d6 3. d4 cxd4 4. Qxd4 Nc6 5. Qd2 g6 6. b3 Bh6 7. f4 Nf6 8. Bb2 e5 9. g3 O-O 10. O-O-O Re8 11. Bg2 Bg4 12. Rf1 Rc8 13. Kb1 Qa5 14. h3 Be6 15. Nge2 1/2-1/2

[Event "25th Abu Dhabi Master 2018"]
[Site "Abu Dhabi"]
[Date "2018.08.11"]
[Round "5"]
[White "Kunte, Abhijit"]
[Black "Jojua, Davit"]
[Result "1/2-1/2"]
[WhiteElo "2485"]
[BlackElo "2583"]
[Annotator "TA"]
[PlyCount "46"]
[EventDate "2018.08.05"]
[EventType "swiss"]
[EventCountry "UAE"]
[SourceTitle "playchess.com"]
[Source "ChessBase"]
[SourceQuality "1"]

1. Nf3 g6 2. g3 Bg7 3. Bg2 c5 4. c4 Nc6 5. Nc3 e6 6. O-O Nge7 7. e3 O-O 8. d4 cxd4 9. Nxd4 Nxd4 10. exd4 d5 11. cxd5 Nxd5 12. Nxd5 exd5 13. Qb3 Be6 14. Be3 Qd7 15. Rac1 Rfc8 16. h4 h5 17. Kh2 Bf6 18. Qd3 Qa4 19. a3 Bg7 20. Qd2 Qb3 21. Rxc8+ Rxc8 22. Rc1 Rxc1 23. Qxc1 b6 1/2-1/2

[Event "25th Abu Dhabi Master 2018"]
[Site "Abu Dhabi"]
[Date "2018.08.11"]
[Round "5"]
[White "Iniyan, P."]
[Black "Sjugirov, Sanan"]
[Result "1-0"]
[WhiteElo "2464"]
[BlackElo "2677"]
[Annotator "TA"]
[PlyCount "97"]
[EventDate "2018.08.05"]
[EventType "swiss"]
[EventCountry "UAE"]
[SourceTitle "playchess.com"]
[Source "ChessBase"]
[SourceQuality "1"]

1. d4 f5 2. g3 Nf6 3. Bg2 g6 4. Nf3 Bg7 5. c4 O-O 6. O-O d6 7. Nc3 c6 8. b4 Qc7 9. Qb3 Kh8 10. c5 Ne4 11. Bf4 Nxc3 12. Qxc3 Nd7 13. Ng5 Nf6 14. Qb3 h6 15. Nf7+ Kh7 16. cxd6 exd6 17. Nxd6 Qe7 18. Nxc8 Raxc8 19. Be5 Ng4 20. Bxg7 Kxg7 21. e3 h5 22. Qc3 Qf6 23. h3 Nh6 24. Qc5 h4 25. Qxa7 Rc7 26. d5 cxd5 27. Rac1 Rfc8 28. Rxc7+ Rxc7 29. Rd1 hxg3 30. fxg3 f4 31. exf4 Nf5 32. g4 Ng3 33. Qe3 Qxf4 34. Qxf4 Ne2+ 35. Kh2 Nxf4 36. Bxd5 g5 37. Bf3 Rc2+ 38. Kg3 Rxa2 39. h4 Rb2 40. Rd7+ Kf6 41. Rxb7 Nd3 42. hxg5+ Kxg5 43. Rb5+ Kf6 44. g5+ Kf7 45. Be4 Nxb4 46. g6+ Kf6 47. Rb6+ Kg7 48. Rb7+ Kg8 49. Bf5 1-0

[Event "25th Abu Dhabi Master 2018"]
[Site "Abu Dhabi"]
[Date "2018.08.11"]
[Round "5"]
[White "Vignesh N R"]
[Black "Tabatabaei, M.amin"]
[Result "0-1"]
[WhiteElo "2464"]
[BlackElo "2590"]
[Annotator "ChessBase"]
[PlyCount "102"]
[EventDate "2018.08.05"]
[EventType "swiss"]
[EventCountry "UAE"]
[SourceTitle "playchess.com"]
[Source "ChessBase"]
[SourceQuality "1"]

1. e4 c5 2. Nf3 e6 3. d4 cxd4 4. Nxd4 Nc6 5. Nb5 d6 6. c4 Nf6 7. N1c3 a6 8. Nd4 Bd7 9. Be2 Rc8 10. Nxc6 Bxc6 11. Qd4 Be7 12. O-O O-O 13. Be3 e5 14. Qd3 b5 15. cxb5 axb5 16. b4 d5 17. Nxd5 Nxe4 18. Qxe4 Bxd5 19. Qd3 Bc4 20. Qxd8 Rfxd8 21. Bxc4 bxc4 22. a3 f5 23. g3 g5 24. Bc5 Bxc5 25. bxc5 Rxc5 26. a4 Ra8 27. Rfb1 Kf7 28. Rb4 Ke6 29. Rb6+ Kd7 30. Rb4 c3 31. Rc1 Ke6 32. Kf1 h5 33. Rc2 e4 34. Ke2 Kd5 35. Ke3 Ke5 36. f4+ gxf4+ 37. gxf4+ Kd5 38. Rb3 Rxa4 39. Rcxc3 Rxc3+ 40. Rxc3 Ra1 41. Kf2 Kd4 42. Rc8 e3+ 43. Ke2 Ra2+ 44. Kf3 Rf2+ 45. Kg3 h4+ 46. Kxh4 e2 47. Rd8+ Ke3 48. Re8+ Kxf4 49. h3 Kf3 50. Kg5 f4 51. h4 Rf1 0-1

[Event "25th Abu Dhabi Master 2018"]
[Site "Abu Dhabi"]
[Date "2018.08.11"]
[Round "5"]
[White "Nitin, S.."]
[Black "Yuffa, Daniil"]
[Result "1/2-1/2"]
[WhiteElo "2449"]
[BlackElo "2570"]
[Annotator "ChessBase"]
[PlyCount "70"]
[EventDate "2018.08.05"]
[EventType "swiss"]
[EventCountry "UAE"]
[SourceTitle "playchess.com"]
[Source "ChessBase"]
[SourceQuality "1"]

1. e4 e6 2. d4 d5 3. Nc3 Bb4 4. e5 c5 5. a3 Bxc3+ 6. bxc3 Ne7 7. h4 Qc7 8. Bd2 Nbc6 9. Qg4 Nf5 10. Nf3 Bd7 11. Bd3 h5 12. Qf4 Nce7 13. dxc5 Ng6 14. Qh2 Qxc5 15. O-O Nge7 16. a4 Nh6 17. Qf4 Ng4 18. Rab1 Qc7 19. Rfe1 f6 20. c4 O-O-O 21. exf6 gxf6 22. Qxc7+ Kxc7 23. cxd5 Nxd5 24. Nd4 Ne5 25. Be4 Nc4 26. Bxd5 exd5 27. Bf4+ Kc8 28. Re7 Rhe8 29. Nf5 b6 30. a5 Kb7 31. axb6 axb6 32. Rf7 Rf8 33. Re7 Rfe8 34. Rf7 Rf8 35. Re7 Rfe8 1/2-1/2

[Event "25th Abu Dhabi Master 2018"]
[Site "Abu Dhabi"]
[Date "2018.08.11"]
[Round "5"]
[White "Halvax, Georg"]
[Black "Sankalp, Gupta"]
[Result "1/2-1/2"]
[WhiteElo "2437"]
[BlackElo "2304"]
[Annotator "NA"]
[PlyCount "55"]
[EventDate "2018.08.05"]
[EventType "swiss"]
[EventCountry "UAE"]
[SourceTitle "playchess.com"]
[Source "ChessBase"]
[SourceQuality "1"]

1. e4 e6 2. d4 d5 3. Nd2 Be7 4. Bd3 c5 5. dxc5 Nf6 6. Ngf3 O-O 7. O-O a5 8. c3 Na6 9. Qc2 h6 10. exd5 Nxc5 11. Ne4 Nxd5 12. Nxc5 Bxc5 13. Rd1 Qc7 14. Qa4 Rd8 15. Qe4 Nf6 16. Qh4 Rd5 17. Bf4 Bd6 18. Bxd6 Qxd6 19. Bc2 Bd7 20. c4 Rxd1+ 21. Rxd1 Qc5 22. Qd4 Rc8 23. Ne5 Qxd4 24. Rxd4 Be8 25. Bd3 Kf8 26. f4 Ke7 27. Kf2 Nd7 28. Nxd7 1/2-1/2

[Event "25th Abu Dhabi Master 2018"]
[Site "Abu Dhabi"]
[Date "2018.08.11"]
[Round "5"]
[White "Sundararajan, Kidambi"]
[Black "Hamidi, Amir Mohammad"]
[Result "1-0"]
[WhiteElo "2433"]
[BlackElo "2299"]
[Annotator "NA"]
[PlyCount "53"]
[EventDate "2018.08.05"]
[EventType "swiss"]
[EventCountry "UAE"]
[SourceTitle "playchess.com"]
[Source "ChessBase"]
[SourceQuality "1"]

1. Nf3 d5 2. e3 Nf6 3. c4 e6 4. Nc3 c5 5. d4 cxd4 6. exd4 Be7 7. cxd5 Nxd5 8. Bc4 O-O 9. O-O Nxc3 10. bxc3 Qc7 11. Qd3 Nd7 12. Re1 b6 13. Bb3 Bb7 14. Ng5 Nf6 15. Rxe6 fxe6 16. Nxe6 Qc8 17. Qg3 g6 18. Nxf8+ Kxf8 19. Bh6+ Ke8 20. Re1 Qb8 21. Bf4 Qd8 22. Bc7 Qd7 23. Qe5 Be4 24. d5 Qg4 25. f3 Qh4 26. g3 Qh5 27. Qxh5 1-0

[Event "25th Abu Dhabi Master 2018"]
[Site "Abu Dhabi"]
[Date "2018.08.11"]
[Round "5"]
[White "Mammadzada, Gunay"]
[Black "Shailesh, Dravid"]
[Result "0-1"]
[WhiteElo "2426"]
[BlackElo "2290"]
[Annotator "TA"]
[PlyCount "98"]
[EventDate "2018.08.05"]
[EventType "swiss"]
[EventCountry "UAE"]
[SourceTitle "playchess.com"]
[Source "ChessBase"]
[SourceQuality "1"]

1. e4 c5 2. Nf3 d6 3. d4 cxd4 4. Nxd4 Nf6 5. Nc3 a6 6. h3 e6 7. g4 h6 8. Bg2 Be7 9. Be3 Nc6 10. f4 Nd7 11. Nf3 b5 12. O-O O-O 13. a4 b4 14. Ne2 Bb7 15. Ng3 Rc8 16. Qe2 Qc7 17. Rac1 Rfe8 18. h4 Na5 19. g5 hxg5 20. hxg5 Nc4 21. Bd4 e5 22. fxe5 dxe5 23. Bf2 g6 24. b3 Na5 25. Be3 Nc5 26. Qf2 Rf8 27. Nh2 Ne6 28. Ng4 Nxg5 29. Nf6+ Bxf6 30. Qxf6 Nh7 31. Qf2 Nc6 32. Bc5 Nd4 33. Bxb4 Rfe8 34. Bd2 Qe7 35. Bh6 Rc3 36. Be3 Rec8 37. Bxd4 exd4 38. Rcd1 Rxc2 39. Qxd4 Ng5 40. Rfe1 Qe6 41. Re3 Nh3+ 42. Kh2 Nf2 43. Rde1 Ng4+ 44. Kg1 Nxe3 45. Rxe3 Qg4 46. Qe5 R2c5 47. Qf6 Qg5 48. Qf3 Rc1+ 49. Bf1 f5 0-1

[Event "25th Abu Dhabi Master 2018"]
[Site "Abu Dhabi"]
[Date "2018.08.11"]
[Round "5"]
[White "Sadhwani, Raunak"]
[Black "Patil, Pratik"]
[Result "1-0"]
[WhiteElo "2424"]
[BlackElo "2280"]
[Annotator "NA RC"]
[PlyCount "49"]
[EventDate "2018.08.05"]
[EventType "swiss"]
[EventCountry "UAE"]
[SourceTitle "playchess.com"]
[Source "ChessBase"]
[SourceQuality "1"]

1. d4 Nf6 2. Bf4 g6 3. Nc3 d5 4. e3 Bg7 5. h4 O-O 6. h5 Nxh5 7. Rxh5 gxh5 8. Qxh5 c6 9. Nf3 Nd7 10. Bd3 f5 11. O-O-O Qe8 12. Qh2 Rf6 13. Rh1 Nf8 14. Ne2 c5 15. dxc5 b6 16. c6 Qxc6 17. Ned4 Qe8 18. g4 fxg4 19. Bxh7+ Nxh7 20. Qxh7+ Kf8 21. Ne5 Bd7 22. Rh5 e6 23. Rg5 Qe7 24. Ng6+ Rxg6 25. Rxg6 1-0

[Event "25th Abu Dhabi Master 2018"]
[Site "Abu Dhabi"]
[Date "2018.08.11"]
[Round "5"]
[White "Jonkman, Harmen"]
[Black "Dushyant Sharma"]
[Result "0-1"]
[WhiteElo "2404"]
[BlackElo "2221"]
[Annotator "NA"]
[PlyCount "90"]
[EventDate "2018.08.05"]
[EventType "swiss"]
[EventCountry "UAE"]
[SourceTitle "playchess.com"]
[Source "ChessBase"]
[SourceQuality "1"]

1. e4 e5 2. Nf3 Nc6 3. Bc4 Bc5 4. d3 Nf6 5. O-O O-O 6. Bg5 d6 7. Nc3 h6 8. Be3 Bb6 9. h3 Be6 10. Re1 Qd7 11. Bb5 a6 12. Bxc6 Qxc6 13. d4 exd4 14. Nxd4 Bxd4 15. Bxd4 Nd7 16. Re3 f6 17. Rg3 Rae8 18. Qh5 Kh8 19. Rd1 Re7 20. Be3 b5 21. Nd5 Bxd5 22. Rxd5 Rff7 23. c3 Qc4 24. Rg4 Ne5 25. Rh4 Kg8 26. a3 Kf8 27. Qf5 Nd7 28. Rd2 Qe6 29. Qh5 Ke8 30. a4 Qe5 31. Qe2 f5 32. Bd4 Qe6 33. axb5 axb5 34. Qxb5 g5 35. Rh5 Qg6 36. g4 fxg4 37. Qb7 Rf4 38. Qa8+ Kf7 39. Qd5+ Kf8 40. Be3 Nf6 41. Qa8+ Re8 42. Qa5 Nxh5 43. Bxf4 Nxf4 44. Qxc7 Qxe4 45. Qxd6+ Kg8 0-1

[Event "25th Abu Dhabi Master 2018"]
[Site "Abu Dhabi"]
[Date "2018.08.11"]
[Round "5"]
[White "Raghunandan, Kaumandur Srihari"]
[Black "Mohota, Nisha"]
[Result "1-0"]
[WhiteElo "2404"]
[BlackElo "2268"]
[Annotator "NA"]
[PlyCount "159"]
[EventDate "2018.08.05"]
[EventType "swiss"]
[EventCountry "UAE"]
[SourceTitle "playchess.com"]
[Source "ChessBase"]
[SourceQuality "1"]

1. e4 e5 2. Nf3 Nc6 3. Bc4 Bc5 4. O-O Nf6 5. d3 O-O 6. h3 d6 7. c3 a5 8. Nbd2 Be6 9. Bb5 h6 10. Re1 Qb8 11. Rf1 Qd8 12. Re1 Qb8 13. Nf1 Qa7 14. Re2 a4 15. Bxc6 bxc6 16. Ng3 Bb6 17. d4 Bc4 18. Re1 Rfe8 19. Be3 Rad8 20. b3 Ba6 21. Qc1 Kh7 22. Nf5 Ng8 23. c4 exd4 24. Bxd4 Bxd4 25. N3xd4 Bb7 26. Qc3 f6 27. Qg3 g6 28. Nh4 g5 29. Nhf5 Qc5 30. Qg4 Bc8 31. Qh5 Rf8 32. Nxh6 Nxh6 33. Nf5 Rd7 34. Nxh6 Kg7 35. Nf5+ Kg8 36. Qg6+ Kh8 37. e5 dxe5 38. Rad1 Rdf7 39. Rd8 Rxd8 40. Qxf7 Qf8 41. Qh5+ Kg8 42. Qg6+ Kh8 43. Nh6 Be6 44. h4 gxh4 45. Re4 Rd4 46. Rxd4 exd4 47. Qh5 Kg7 48. Qxh4 Qc5 49. Ng4 Qg5 50. Qxg5+ fxg5 51. Ne5 a3 52. Nxc6 Bf5 53. Nxd4 Bb1 54. Ne6+ Kf6 55. Nxc7 Bxa2 56. Nb5 Bxb3 57. Nxa3 Ke5 58. Kh2 Kd4 59. Kg3 Bd1 60. f3 Be2 61. Kg4 Bf1 62. g3 Be2 63. Kxg5 Bxf3 64. Kf5 Bc6 65. g4 Bd7+ 66. Kf4 Be8 67. Nb5+ Kc5 68. Ke5 Bg6 69. Na3 Bd3 70. g5 Bh7 71. Kf6 Kb4 72. g6 Bg8 73. g7 Kc5 74. Ke7 Kb4 75. Kf8 Bh7 76. g8=Q Bxg8 77. Kxg8 Kc5 78. Kf7 Kb4 79. Ke6 Kc5 80. Ke5 1-0

[Event "25th Abu Dhabi Master 2018"]
[Site "Abu Dhabi"]
[Date "2018.08.11"]
[Round "5"]
[White "Dimakiling, Oliver"]
[Black "Narayanan.S.L"]
[Result "0-1"]
[WhiteElo "2401"]
[BlackElo "2574"]
[Annotator "TA"]
[PlyCount "100"]
[EventDate "2018.08.05"]
[EventType "swiss"]
[EventCountry "UAE"]
[SourceTitle "playchess.com"]
[Source "ChessBase"]
[SourceQuality "1"]

1. Nf3 Nf6 2. b3 g6 3. Bb2 Bg7 4. g3 O-O 5. Bg2 d6 6. c4 e5 7. d3 Nc6 8. Nc3 a5 9. O-O Nh5 10. Qd2 f5 11. Nd5 Ne7 12. e4 Nc6 13. Rac1 fxe4 14. dxe4 Bg4 15. Ne1 Nd4 16. f3 Be6 17. Nd3 c6 18. Ne3 c5 19. Nd5 Rf7 20. Bxd4 cxd4 21. a3 Qf8 22. f4 Bh6 23. Rce1 Bxd5 24. exd5 exf4 25. Nxf4 Nxf4 26. gxf4 Rxf4 27. Qd3 Rxf1+ 28. Rxf1 Qe7 29. Bh3 Be3+ 30. Kh1 Rf8 31. Be6+ Kg7 32. b4 axb4 33. axb4 b6 34. Qd1 Rf6 35. Kg2 Rxf1 36. Kxf1 Qf6+ 37. Ke2 Qf2+ 38. Kd3 Qb2 39. c5 bxc5 40. bxc5 Qc3+ 41. Ke4 Qxc5 42. h3 Qc3 43. Qf1 Qc2+ 44. Kf3 Bg5 45. Qa6 Qc3+ 46. Kg2 Qd2+ 47. Kf1 Qf4+ 48. Ke1 Qe4+ 49. Kd1 d3 50. Qa7+ Kh6 0-1

[Event "25th Abu Dhabi Master 2018"]
[Site "Abu Dhabi"]
[Date "2018.08.11"]
[Round "5"]
[White "Muthaiah AL"]
[Black "Abdusattorov, Nodirbek"]
[Result "1/2-1/2"]
[WhiteElo "2391"]
[BlackElo "2539"]
[Annotator "ChessBase"]
[PlyCount "95"]
[EventDate "2018.08.05"]
[EventType "swiss"]
[EventCountry "UAE"]
[SourceTitle "playchess.com"]
[Source "ChessBase"]
[SourceQuality "1"]

1. Nf3 Nf6 2. d4 b6 3. g3 Bb7 4. Bg2 g6 5. O-O Bg7 6. c4 O-O 7. Qc2 c5 8. d5 b5 9. e4 bxc4 10. Nfd2 d6 11. Nxc4 Nbd7 12. h3 Ba6 13. Nba3 Nb6 14. Re1 Nxc4 15. Nxc4 Nd7 16. Bf1 Nb6 17. Rb1 Bxc4 18. Bxc4 Nxc4 19. Qxc4 Rb8 20. b3 Qd7 21. Kg2 Rb4 22. Qc2 f5 23. Bd2 Rxe4 24. Rxe4 fxe4 25. Qxe4 Rf5 26. Be3 Re5 27. Qf3 Qb7 28. Rd1 Rf5 29. Qe4 Kf8 30. g4 Rf7 31. Qa4 Kg8 32. Qe4 a6 33. Rc1 Be5 34. Rc4 Rf8 35. Ra4 Qb5 36. Qc4 Qxc4 37. Rxc4 Rb8 38. Kf3 Kf7 39. Ke4 Bf6 40. Ra4 Ra8 41. f4 Ke8 42. Kd3 Kd7 43. b4 cxb4 44. Rxb4 Rc8 45. Ra4 Ra8 46. Rb4 Rc8 47. Ra4 Ra8 48. Rb4 1/2-1/2

[Event "25th Abu Dhabi Master 2018"]
[Site "Abu Dhabi"]
[Date "2018.08.11"]
[Round "5"]
[White "Krishna Teja, N."]
[Black "Aaryan, Varshney"]
[Result "0-1"]
[WhiteElo "2389"]
[BlackElo "2261"]
[Annotator "NA"]
[PlyCount "56"]
[EventDate "2018.08.05"]
[EventType "swiss"]
[EventCountry "UAE"]
[SourceTitle "playchess.com"]
[Source "ChessBase"]
[SourceQuality "1"]

1. d4 Nf6 2. c4 e6 3. Nf3 d5 4. g3 Bb4+ 5. Nbd2 O-O 6. Bg2 b6 7. O-O Bb7 8. Ne5 Nbd7 9. Ndf3 Be7 10. Qa4 c5 11. Nc6 Qe8 12. Nxe7+ Qxe7 13. Bf4 Rfc8 14. Rac1 dxc4 15. Qxc4 a6 16. dxc5 Rxc5 17. Qb3 Rac8 18. Rxc5 Rxc5 19. Be3 Rc8 20. Rd1 h6 21. h3 b5 22. Bd4 Bd5 23. Qe3 Bb7 24. Bxf6 Nxf6 25. Qa7 Kf8 26. Ne5 Bxg2 27. Nd7+ Nxd7 28. Rxd7 Bd5 0-1

[Event "25th Abu Dhabi Master 2018"]
[Site "Abu Dhabi"]
[Date "2018.08.11"]
[Round "5"]
[White "Raetsky, Alexander"]
[Black "Shyam, Sundar M."]
[Result "1/2-1/2"]
[WhiteElo "2380"]
[BlackElo "2527"]
[Annotator "TA"]
[PlyCount "75"]
[EventDate "2018.08.05"]
[EventType "swiss"]
[EventCountry "UAE"]
[SourceTitle "playchess.com"]
[Source "ChessBase"]
[SourceQuality "1"]

1. d4 Nf6 2. Nf3 g6 3. Nc3 d5 4. Bf4 Bg7 5. e3 O-O 6. Be2 c6 7. O-O Bf5 8. h3 Re8 9. Ne5 Nfd7 10. Nxd7 Nxd7 11. Bd3 Bxd3 12. cxd3 e5 13. dxe5 Nxe5 14. d4 Nc4 15. b3 Nd6 16. Rc1 f5 17. Qd3 a5 18. Na4 Ne4 19. Nc5 Nxc5 20. Rxc5 Re4 21. Qd2 g5 22. Bh2 f4 23. exf4 Bxd4 24. Rc2 gxf4 25. Bxf4 Qf6 26. Be3 Be5 27. Kh1 Bc7 28. f3 Re6 29. Bd4 Qg6 30. f4 Rf8 31. Rc3 Qf5 32. Rcf3 h5 33. Bc3 Kh7 34. Bxa5 Bxa5 35. Qxa5 Rg8 36. Qd2 c5 37. Re3 Rge8 38. Rxe6 1/2-1/2

[Event "25th Abu Dhabi Master 2018"]
[Site "Abu Dhabi"]
[Date "2018.08.11"]
[Round "5"]
[White "Kathmale, Sameer"]
[Black "Puranik, Abhimanyu"]
[Result "0-1"]
[WhiteElo "2367"]
[BlackElo "2514"]
[Annotator "TA"]
[PlyCount "107"]
[EventDate "2018.08.05"]
[EventType "swiss"]
[EventCountry "UAE"]
[SourceTitle "playchess.com"]
[Source "ChessBase"]
[SourceQuality "1"]

1. e4 e6 2. d4 d5 3. Nc3 Nc6 4. Nf3 Nf6 5. Bd3 Bb4 6. exd5 exd5 7. O-O O-O 8. h3 Bxc3 9. bxc3 Re8 10. Re1 Ne4 11. c4 Bf5 12. Bf4 Nb4 13. a3 Nxd3 14. cxd3 Nf6 15. Qb3 b6 16. Rxe8+ Nxe8 17. c5 Rb8 18. c6 Bxh3 19. gxh3 Qf6 20. Qxd5 Qxf4 21. Kg2 Qd6 22. Qxd6 Nxd6 23. Re1 Re8 24. Rxe8+ Nxe8 25. Kg3 Kf8 26. Kf4 Ke7 27. Ke5 f6+ 28. Kd5 Nd6 29. a4 g5 30. Nd2 h5 31. Nf1 h4 32. Ne3 a5 33. f3 Kf7 34. Nc4 Nf5 35. Ke4 Ng3+ 36. Kd5 Ne2 37. Nd6+ Ke7 38. Nf5+ Kd8 39. Ke6 Ng1 40. d5 Nxh3 41. Kxf6 Nf2 42. Kxg5 h3 43. Ng3 h2 44. f4 Nxd3 45. Kf5 Ke7 46. Ke4 Nc5+ 47. Ke5 Nxa4 48. f5 Nc3 49. f6+ Kf7 50. d6 cxd6+ 51. Kxd6 Nb5+ 52. Kd5 Kxf6 53. Kc4 Nc7 54. Kd4 0-1

[Event "25th Abu Dhabi Master 2018"]
[Site "Abu Dhabi"]
[Date "2018.08.11"]
[Round "5"]
[White "Soumya, Swaminathan"]
[Black "Saduakassova, Dinara"]
[Result "0-1"]
[WhiteElo "2361"]
[BlackElo "2495"]
[Annotator "TA"]
[PlyCount "170"]
[EventDate "2018.08.05"]
[EventType "swiss"]
[EventCountry "UAE"]
[SourceTitle "playchess.com"]
[Source "ChessBase"]
[SourceQuality "1"]

1. e4 e5 2. Nf3 Nc6 3. Bb5 g6 4. c3 a6 5. Ba4 Bg7 6. O-O Nge7 7. d4 exd4 8. cxd4 O-O 9. d5 Na5 10. Nc3 b5 11. Bc2 d6 12. Re1 Bb7 13. Rb1 c6 14. Bg5 h6 15. dxc6 Bxc6 16. Bh4 Qd7 17. Nd4 Rac8 18. Nxc6 Rxc6 19. Bd3 Nc4 20. Bxc4 Rxc4 21. Bg3 Rd8 22. Re3 d5 23. exd5 Rd4 24. Rd3 Rxd3 25. Qxd3 b4 26. Nd1 Qxd5 27. Qxd5 Rxd5 28. f3 a5 29. Rc1 Nf5 30. Be1 Bd4+ 31. Kf1 Be5 32. a3 Bf4 33. Ra1 bxa3 34. bxa3 Bxh2 35. Nc3 Rc5 36. Rb1 Be5 37. Ne4 Rc2 38. Bd2 Ng3+ 39. Nxg3 Rxd2 40. Ne4 Rd5 41. Ke2 Kg7 42. Rb7 Bf4 43. Ra7 Bc1 44. a4 Ba3 45. g3 Bb4 46. f4 Rd4 47. Ke3 Rd1 48. g4 Ra1 49. g5 hxg5 50. fxg5 Rf1 51. Rb7 Rf5 52. Rb5 Be7 53. Kd4 Bb4 54. Kc4 Rf4 55. Kd5 Be7 56. Kd4 Bb4 57. Rb8 Rf5 58. Rb5 Be1 59. Kc4 Rf4 60. Kd4 Rf3 61. Rb7 Bh4 62. Kc4 Ra3 63. Kb5 Rb3+ 64. Ka6 Rxb7 65. Kxb7 f5 66. gxf6+ Bxf6 67. Ka6 Bd8 68. Nc5 Kf7 69. Nb7 Ke7 70. Nxa5 Bxa5 71. Kxa5 g5 72. Kb6 g4 73. a5 g3 74. a6 g2 75. a7 g1=Q+ 76. Kb7 Qg2+ 77. Kb8 Qg3+ 78. Kb7 Qf3+ 79. Kb8 Qf4+ 80. Kb7 Qe4+ 81. Kb8 Qe5+ 82. Kb7 Qb5+ 83. Ka8 Qc6+ 84. Kb8 Kd7 85. a8=Q Qc7# 0-1

[Event "25th Abu Dhabi Master 2018"]
[Site "Abu Dhabi"]
[Date "2018.08.11"]
[Round "5"]
[White "Wagh Suyog"]
[Black "Alinasab, Mobina"]
[Result "1/2-1/2"]
[WhiteElo "2356"]
[BlackElo "2259"]
[Annotator "NA"]
[PlyCount "103"]
[EventDate "2018.08.05"]
[EventType "swiss"]
[EventCountry "UAE"]
[SourceTitle "playchess.com"]
[Source "ChessBase"]
[SourceQuality "1"]

1. Nf3 Nf6 2. c4 e6 3. g3 b6 4. Bg2 Bb7 5. O-O Be7 6. d4 O-O 7. Nc3 Ne4 8. Qc2 Nxc3 9. Qxc3 c5 10. Rd1 cxd4 11. Nxd4 Qc8 12. e4 a6 13. Be3 d6 14. Rac1 Nd7 15. Qd2 Qc7 16. Ne2 Rfd8 17. Bd4 Rac8 18. b3 Qb8 19. Qe3 Ba8 20. Bb2 b5 21. cxb5 axb5 22. Nd4 b4 23. Nc2 Nf6 24. Qe1 d5 25. Bxf6 Bxf6 26. Nxb4 d4 27. Nd3 Be7 28. Rxc8 Rxc8 29. Rc1 Bb7 30. e5 Ba6 31. Rxc8+ Qxc8 32. Be4 g6 33. Qa1 Qd8 34. Qb2 Qb6 35. Qc2 Qa5 36. f4 Ba3 37. Kf2 Kg7 38. Kg2 Kg8 39. Kf2 Kg7 40. Kf3 h5 41. h3 Kg8 42. Kf2 Kg7 43. Kf3 Kg8 44. Kf2 Kg7 45. Kg2 Kh8 46. Kf3 Kg7 47. Kf2 Kh8 48. Kg2 Kg7 49. Kf3 Kg8 50. Kf2 Kg7 51. Kg1 Bxd3 52. Qxd3 1/2-1/2